banner koha

Flora do Rio de Janeiro: Trigoniaceae (Registro n. 337408)

MARC details
000 -LÍDER
fixed length control field 03343nab a2200253 i 4500
003 - CÓDIGO MARC DA AGÊNCIA CATALOGADORA
Campo de controle BR-BrBNA
005 - DATA E HORA DA ÚLTIMA ATUALIZAÇÃO
Campo de controle 20250731175401.0
008 - CAMPO DE TAMANHO FIXO
fixed length control field 250731b2020 bl.ar|pooa||| 00| 0 por |
040 ## - FONTE DA CATALOGAÇÃO
Agência catalogadora BR-BrBNA
Idioma da catalogação por
072 ## - CATEGORIA AGRIS
Código AGRIS F70
100 ## - ENTRADA PRINCIPAL - NOME PESSOAL
Nome pessoal Miguel, João Rodrigues
100 ## - ENTRADA PRINCIPAL - NOME PESSOAL
Nome pessoal Guimarães, Elsie Franklin
245 ## - TÍTULO PRINCIPAL
Título principal Flora do Rio de Janeiro: Trigoniaceae
500 ## - NOTA GERAL
Nota geral Publicação on-line; 16 ref.; 2 illus.; Summaries (En, Pt)
942 ## - ADDED ENTRY ELEMENTS (KOHA)
Koha item type Analítica
520 ## - NOTA DE RESUMO
Nota de conteúdo <br/><br/>Resumo<br/><br/>O levantamento taxonômico da Flora do estado do Rio de Janeiro revelou a presença de dois dos cinco<br/>gêneros que compõem a família de distribuição pantropical Trigoniaceae. O presente estudo teve como<br/>objetivo conhecer, divulgar e caracterizar está representatividade na região. Como metodologia destaca-se<br/>o levantamento das obras principais, o exame das coleções nos Herbários; trabalho de campo em áreas de<br/>ocorrência para registro; identificação de espécies utilizando-se da metodologia clássica além da confecção de<br/>ilustração das espécies típicas. Os resultados apontaram que atualmente, está entidade botânica neste estado,<br/>está representada por onze táxons classificados nos gêneros Trigoniodendron que é monotípico, arbóreo,<br/>de filotaxia alternada; e os demais táxons em Trigonia. Caracterizado como arbustos e lianas, com filotaxia<br/>oposta. Ambos (Trigoniodendron e Trigonia) habitam a floresta ombrófila densa; o segundo também ocupa<br/>áreas de restingas e formações secundárias. Estes resultados corroboram com a importância dos levantamentos<br/>das floras regionais para o desenvolvimento da taxonomia vegetal.<br/><br/>Palavras-chave: fitogeografia, floras regionais, taxonomia de fanerógamas.<br/><br/><br/><br/><br/>Abstract<br/><br/>The taxonomic survey of Flora of the state of Rio de Janeiro revealed the presence of two of the five genera<br/>that make up the pantropical distribution family Trigoniaceae. The present study aimed to know, publicize and<br/>characterize this representativeness in the region. As a methodology, we highlight the survey of the principal<br/>works, the examination of the collections in the Herbarium; field work in areas of occurrence for registration;<br/>identification of species using the classical methodology as well as the illustration of the typical species. The<br/>results indicated that, currently, it is a botanical entity in this state represented is by eleven taxa classified<br/>in the genus Trigoniodendron that is monotypic, arboreal, of alternating phyllotaxis; and the other taxa in<br/>Trigonia. Characterized as shrubs and lianas, with opposite filotaxia. Both (Trigoniodendron and Trigonia)<br/>inhabit the dense ombrophilous forest; the second also occupies areas of restingas and secondary formations.<br/>These results corroborate the importance of regional floras surveys for the development of plant taxonomy.<br/><br/>Key words: phytogeography, regional floras, phanerogamic taxonomy.
650 ## - ASSUNTO - THESAGRO
Cabeçalho tópico ou nome geográfico BIOGEOGRAFIA
650 ## - ASSUNTO - THESAGRO
Cabeçalho tópico ou nome geográfico FLORA
650 ## - ASSUNTO - THESAGRO
Cabeçalho tópico ou nome geográfico TAXONOMIA
650 ## - ASSUNTO - THESAGRO
Cabeçalho tópico ou nome geográfico TRIGONIACEAE
773 0# - ENTRADA ANALÍTICA
Host Biblionumber 709
Registro do item 353216
Imprenta Rio de Janeiro-RJ Jardim Botanico do Rio de Janeiro 1935
Outro identificador 2025-4473
Título Rodriguésia (Brazil)
ISSN 0370-6583; 2175-7860 on-line
Colação v. 71 p. 1-11; (2020)
Número de controle de registro BR2025003205
856 ## - ACESSO E ENDEREÇO ELETRÔNICO
Identificador uniforme de recurso - URI https://www.scielo.br/j/rod/a/8DJTX9rLNW5BZLWWHZNLHWM/?format=pdf&lang=pt

Nenhum exemplar disponível.

BINAGRI

Telefone: (61)3218-2567/2388/3357/2097 - binagri@agro.gov.br

Ministério da Agricultura e Pecuária , Esplanada dos Ministérios, Bloco D, Anexo B, Brasília/DF, CEP: 70.043-900